000 00411pab a2200157 454500
008 180718b1984 xxu||||| |||| 00| 0 eng d
100 _aGupta, Madhukar
245 _aIntegrated Rural Development Programme: A dilemma ?
260 _c1984
300 _ap.1105-1119.
362 _aOct-Dec
650 _aRural development
773 _aIndian Journal of Public Administration
908 _aN
909 _a88690
999 _c88690
_d88690